La charite contre la foi?

Salvato in:
Dettagli Bibliografici
Natura: Libro
Lingua:francese
Pubblicazione: París s.n 1968
Serie:Christus, 59
Soggetti:
Tags: Aggiungi Tag
Nessun Tag, puoi essere il primo ad aggiungerne!!

MARC

LEADER 00000nam a2200000 a 4500
001 UCY5155
003 CL-VaPUC
008 950413e19680000FR |||||||||||||||||fre|d
082 0 4 |a 234.2  |b CHA  |2 21 
245 1 3 |a La charite contre la foi? 
300 |a 432 p 
942 |c BK 
945 |d 19950413 00:00:00  |a awong 
260 |a París  |b s.n  |c 1968 
650 0 |a Fe  |9 308036 
650 7 |a CARIDAD  |2 CL-VaPUC  |9 307339 
583 |a last modification  |c 20120823 11:19:04  |k Rodrigo Vera 
490 0 |a Christus, 59 
999 |c 232870  |d 232868